000
00363nam a2200133Ia 4500
008
151001s9999||||xx |||||||||||||| ||und||
100
_a
धुमकेतू
245
_a
वाचीनिदेवी
250
_a
1
260
_b
लक्ष्य साहित्य दिल्ली
260
_c
2005
300
_a
291
365
_b
21
999
_c
986071
_d
986068